[Event "Villa Martelli Ann 50th"]
[Site "Villa Martelli"]
[Date "2005.08.25"]
[Round "8"]
[White "Leitao, Rafael Duailibe"]
[Black "Slipak, Sergio"]
[Result "1-0"]
[WhiteElo "2598"]
[BlackElo "2489"]
[Annotator "Huzman,A"]
[PlyCount "73"]
[EventDate "2005.08.17"]
[EventType "tourn"]
[EventRounds "10"]
[EventCountry "ARG"]
[EventCategory "13"]
[SourceTitle "CBM 109"]
[Source "ChessBase"]
[SourceDate "2005.11.14"]
[SourceVersion "1"]
[SourceVersionDate "2005.11.14"]
[SourceQuality "1"]

1. d4 d5 2. c4 dxc4 3. Nf3 a6 4. e3 e6 5. Bxc4 c5 6. O-O Nf6 7. a4 Nc6 8. Qe2
cxd4 9. Rd1 Be7 10. exd4 O-O 11. Nc3 Nd5 12. Bb3 Re8 13. h4 Ncb4 (13... Bxh4
14. Nxh4 Nxc3 15. bxc3 Qxh4 16. d5 $5 Na5 17. Bc2 $44) (13... Nxc3 14. bxc3
Bxh4 15. Qe4 $44) (13... Bf6 14. Qe4 $36) 14. h5 b6 (14... Bd7 $5 15. Ne5 Bc6)
15. Ne5 (15. Bd2 Bb7 (15... f5 16. Nxd5 Nxd5 17. Rac1 Bf6 18. Rc6 Qd7 19. Rdc1
Bb7 20. R6c2 Rac8 $132 {1/2-1/2 Marcelin,C-Skripchenko Lautier,A/Val d'Isere
2002/CBM 91 (60)}) 16. h6 g6 17. Ne4 a5 18. Bc4 f6 19. Rac1 Bc6 20. b3 Qd7 21.
Re1 Kh8 22. Nh2 Na2 23. Rcd1 Nab4 24. Ng4 Bd8 25. Bxb4 axb4 26. Qf3 Qf7 27. Nd6
{1-0 Stefansson,H-Izoria,Z/Ohrid 2001/CBM 84 (27)}) 15... Bb7 16. a5 (16. Qg4
Rc8 (16... f5 17. Qh3 Rc8 18. Bd2 Bg5 19. Qg3 Bh4 20. Qh3 Bg5 $11 {0-1 Li
Shilong-Wen Yang/Xiapu CHN 2005/(43)}) 17. Bd2 Nf6 18. Bxe6 $5 Nxg4 19. Nxf7
Qxd4 20. Ng5+ Kh8 21. Nf7+ $11) (16. Ne4 f5 17. Nc3 Bf6 18. Bd2 Rc8 19. Rac1
Qe7 20. Bc4 a5 21. Nb5 Ba8 22. Bb3 Red8 23. Re1 Rxc1 24. Rxc1 Re8 25. Nc4 $14 {
1-0 Lautier,J-Markowski,T/Ohrid 2001/CBM 84 (46)}) (16. h6 g6 17. Bd2 Rc8 18.
Rac1 Nc7 19. Ng4 Rf8 20. Bf4 Ne8 21. Bxe6 fxe6 22. Qxe6+ Rf7 (22... Kh8 $8) 23.
Ne5 $18 {1-0 Burger,H-Chovanec,M/ICCF Email 2002/ICCF Telechess CBM 102 (26)})
16... b5 (16... bxa5 17. Ba4 Rf8 18. h6 g6 19. Nd7 Re8 20. Qe5 Nf6 21. Nc5 Bc6
22. Nxe6 $1 $16) 17. h6 g6 18. Ne4 Rc8 (18... Nc7 $2 19. Nc5 (19. Bd2 $5) 19...
Bd5 20. Ra3 $5 Nc6 21. Bxd5 Qxd5 22. Ncd7 Rad8 $1 $11 {1/2-1/2 Kramnik,
V-Kasparov,G/London 2000/CBM 80/[Ftacnik] (66)}) (18... Nc6 19. Qf3 Rf8 20.
Bxd5 exd5 21. Nxc6 Bxc6 22. Nc5 $16) 19. Be3 $5 {[%cal Ge4c5] White is
preparing move Nc5. He don't worry about the exchange of his Be3 because this
is the most passive piece in the position of White.} (19. Nc5 Bxc5 20. dxc5
Rxc5 $13) (19. Bd2 $2 Nc2 20. Qf3 Rf8 (20... f6 21. Bxc2 Rxc2 22. Nd3 $132) 21.
Bxc2 Rxc2 $15) (19. Qf3 f6 20. Ng4 (20. Nxg6 hxg6 21. h7+ Kh8) 20... f5 21. Ne5
Nc2 $36) 19... Nxe3 (19... Rc7 20. Qf3 f6 21. Nd3 $14) (19... Ba8 20. Nc5 $13)
20. Qxe3 Nd5 ({Black had to exchange pieces to weaken the attack of White.} 
20... Bd5 $5 21. Nc5 (21. Bxd5 Nxd5 22. Qf3 f5 23. Nc3 Bg5 $15) 21... Bd6 22.
Rac1 Qh4 $132) 21. Qg3 Ba8 22. Ng4 {[%cal Gg3e5]} f6 23. Rac1 $1 Rxc1 24. Rxc1
Rf8 (24... Kh8 $142) 25. Nc5 Bd6 $2 {This move leads to a catastrophe over the
diagonal a2-g8.} (25... Qc8 26. Ne3 Rd8 27. Qg4 (27. Rc2 $5 Kf7 $14) 27... Kf7
28. Rc2 $36) 26. Nxe6 Qe7 (26... Bxg3 27. Nxd8 Rxd8 28. fxg3 Kf8 29. Bxd5 Bxd5
30. Rc7 $18) 27. Nf4 Qe4 (27... Bxf4 28. Qxf4 Kh8 29. Bxd5 Bxd5 30. Rc7 $18 (
30. Qc7 $5 Qxc7 31. Rxc7 $18)) 28. Nxd5 Bxd5 (28... Bxg3 29. Ngxf6+ Kh8 30.
Nxe4 $18) 29. Ne3 $1 (29. Bxd5+ Qxd5 30. Qf3 $1 Qxf3 31. gxf3 $16) 29... Bxg3 (
29... Bxb3 30. Qxd6 Qe6 31. Qxe6+ Bxe6 32. Rc6 $18) 30. Bxd5+ Qxd5 31. Nxd5 Bb8
32. Rc6 f5 (32... Rd8 33. Nxf6+ Kf7 34. g3 $18) 33. Nf6+ Kh8 (33... Kf7 34.
Nxh7 $18) 34. Rxa6 (34. Re6 $1 $18 {[%cal Ge6e7,Ge7h7]}) 34... Rd8 35. Rb6 Rc8
36. g3 Bc7 37. Rc6 (37. Re6 $1) 1-0

[Event "Montreal 6th"]
[Site "Montreal"]
[Date "2005.08.04"]
[Round "2"]
[White "Krush, Irina"]
[Black "Shipov, Sergei"]
[Result "1/2-1/2"]
[WhiteElo "2452"]
[BlackElo "2582"]
[Annotator "Huzman,A"]
[PlyCount "79"]
[EventDate "2005.08.03"]
[EventType "tourn"]
[EventRounds "11"]
[EventCountry "CAN"]
[EventCategory "12"]
[SourceTitle "CBM 109"]
[Source "ChessBase"]
[SourceDate "2005.11.14"]
[SourceVersion "1"]
[SourceVersionDate "2005.11.14"]
[SourceQuality "1"]

1. d4 d5 2. c4 dxc4 3. Nf3 e6 4. e3 c5 5. Bxc4 a6 6. O-O Nf6 7. Bd3 cxd4 8.
exd4 Be7 9. Ne5 Nc6 10. Nxc6 bxc6 11. Be3 (11. Qc2 Bb7 12. Rd1 Qc7 (12... O-O
13. Be3 Qd5 14. Nc3 Qh5 15. Qb3 Bc8 16. Ne4 Nd5 17. Qc4 f5 18. Ng3 Qe8 19. Bd2
$14 {1-0 Barsov,A-Hommeles,T/Antwerp 1998/EXT 99 (43)}) 13. Nd2 {0,5/Dreev,
A-Anand,V/Wijk/1996/} c5 $1 14. Nb3 Qc6 15. f3 cxd4 16. Qxc6+ Bxc6 17. Nxd4 Bb7
$11 {1/2-1/2 Filippov,V-Volzhin,A/Elista 1996/CBM 56/[Ftacnik] (41)}) (11. Nc3
Qxd4) 11... Nd5 (11... O-O 12. Qc2 Qc7 13. Nd2 h6 (13... g6 $5 $146 14. Rac1
Bb7 15. Ne4 Nd5 16. a3 a5 17. Rfd1 (17. Qe2 $5) 17... Rfb8 18. Bc4 Nxe3 19.
fxe3 Ba6 20. Ba2 Rb5 $1 $132 {1/2-1/2 Gelfand,B-Huebner,R/Dortmund 1997/CBM 60/
[Gelfand] (28)}) (13... a5 14. Nf3 Ba6 15. Bxa6 Rxa6 16. Rac1 Nd5 17. Rfe1 a4 {
1/2-1/2 Salcedo Mederos,P-Schmelz,T/ICCF Email 2001/ICCF Telechess (17)}) 14.
Be2 (14. Rac1 Bb7 15. Ne4 (15. Be2 a5 16. Rfd1 Rfc8 17. Nb3 Ba6 18. Bf3 a4 19.
Nc5 Bb5 20. g3 {1/2-1/2 Huzman,A-Yakovich,Y/Pula 1997/CBM 57 ext (20)}) 15...
Nd5 16. Qe2 Rfd8 17. Rfd1 a5 18. Nc5 Nxe3 19. fxe3 Bd6 20. h3 $16 {1/2-1/2
Gelfand,B-Anand,V/Biel 1997/CBM 60/[Gelfand] (32)}) 14... Nd5 15. Rac1 a5 16.
Qxc6 Qxc6 17. Rxc6 Nb4 18. Rc7 Bd8 $11 {1/2-1/2 Gelfand,B-Anand,V/Linares 1997/
CBM 57 (28)}) 12. Nc3 O-O 13. Qe2 (13. Rc1 Nxe3 $6 (13... a5 $5) 14. fxe3 c5 $2
(14... Bg5 $5 15. Qf3 e5 $132) 15. dxc5 Bxc5 16. Bxh7+ Kxh7 17. Qh5+ Kg8 18.
Qxc5 $16 {1-0 Kramnik,V-Kasparov,G/Moscow 2001/CBM 87/[Huzman] (43)}) 13... a5
14. Rfd1 (14. Na4 $5 Bd6 (14... Nxe3 15. fxe3 (15. Qxe3 Bf6 16. Rfd1 Rb8 $132 {
[%csl Rd4]}) 15... Bd6 16. Rac1 $14) 15. Rac1 Nb4 16. Bc4 $14) 14... Qb6 $6 {
This move leads to a long term advantage of White.} ({After} 14... a4 $5 {
Black may hope for counterplay.} 15. Qc2 Nb4 16. Bxh7+ Kh8 17. Qb1 g6 18. Bxg6
fxg6 19. Qxg6 Rf5 (19... Rf6 20. Qh5+ Kg7 21. Ne4 Rg6 22. Bf4 Nd5 23. Be5+ Nf6
24. Rd3 $40) 20. Bf4 $1 Qf8 21. Be5+ Bf6 $13 22. g4 $140 Ra7 $1 $132 {[%cal
Ya7g7]}) 15. Na4 Qb4 16. b3 $16 {[%csl Rc6,Rc8][%mdl 32] White has a big
positional advantage due to weak pawn c6 and the passive Bc8.} Rd8 17. Rac1 Bd7
18. Bd2 Qb8 (18... Qxd4 $2 19. Bxa5 $18) 19. Qe4 g6 20. Bh6 (20. Nc5 Be8 21.
Bc4 $16) 20... Be8 21. Bc4 Bf6 22. Nc5 Ra7 23. Qf3 Bg7 24. Bxg7 Kxg7 25. Re1
Qd6 26. h4 $1 {[%mdl 4] White starts to attack on the king's side, where Black
has no defenders.} h6 27. Re4 Qe7 28. Rce1 Rd6 29. Qg3 Nf6 30. Qe5 Kg8 31. Rf4
Nd7 32. Qe3 Nxc5 33. dxc5 Rd8 34. Qe5 Qc7 35. Qe3 Qe7 36. Qe5 (36. Re4 $1 Qf8 (
36... Kg7 37. Bxe6 $1 $18) 37. h5 gxh5 (37... g5 38. f4 gxf4 39. Rxf4 Qg7 40.
Qf3 Rd4 41. Ree4 Rxe4 42. Qxe4 Kh8 43. Rg4 $40) 38. Rh4 Rad7 39. Rxh5 Kh7 40.
Qc3 $16) 36... Qc7 37. Qf6 Qe7 38. Qe5 Qc7 39. Qf6 Qe7 40. Qe5 1/2-1/2

[Event "EU-chT (Men) 15th"]
[Site "Gothenburg"]
[Date "2005.08.07"]
[Round "9.1"]
[White "Kempinski, Robert"]
[Black "Van Wely, Loek"]
[Result "1/2-1/2"]
[WhiteElo "2619"]
[BlackElo "2655"]
[Annotator "Huzman,A"]
[PlyCount "97"]
[EventDate "2005.07.30"]
[EventType "team-swiss"]
[EventRounds "9"]
[EventCountry "SWE"]
[SourceTitle "CBM 109"]
[Source "ChessBase"]
[SourceDate "2005.11.14"]
[SourceVersion "1"]
[SourceVersionDate "2005.11.14"]
[SourceQuality "1"]
[WhiteTeam "Poland"]
[BlackTeam "Netherlands"]
[WhiteTeamCountry "POL"]
[BlackTeamCountry "NED"]

1. d4 Nf6 2. c4 e6 3. Nf3 d5 4. Nc3 dxc4 5. e3 a6 6. a4 c5 7. Bxc4 Nc6 8. O-O
Be7 9. b3 cxd4 10. exd4 O-O 11. Bb2 Nb4 12. Ne5 b6 (12... Nbd5 13. Qf3 (13. h3
Bd7 14. Nxd5 exd5 15. Nxd7 Qxd7 16. Bd3 Rfe8 $11 {1/2-1/2 Rensch,D-Kaufman,L/
Saint Paul 2000/EXT 2001 (23)}) 13... Bb4 (13... Qa5 14. Rfc1 Bb4 15. Ne4 Nxe4
16. Qxe4 Rd8 17. Bd3 Nf6 18. Qh4 h6 19. Nc4 Qg5 $11 {1/2-1/2 Franco Ocampos,
Z-Rodriguez Talavera,J/Barcelona 1988/EXT 97 (61)}) 14. Nxd5 Nxd5 15. Rac1 Qd6
16. Rc2 Bd7 17. Bxd5 exd5 18. Rfc1 Be6 19. h3 Ba5 20. h4 Bb6 21. h5 h6 {
1/2-1/2 Nedeljkovic,S-Andric,D/Sarajevo 1951/EXT 2002 (21)}) (12... Bd7 13. Qe2
(13. Qf3 Bc6 14. Nxc6 bxc6 15. Rad1 Ra7 16. Qe2 a5 17. Nb1 Nfd5 18. Nd2 {
1/2-1/2 Speelman,J-Gelfand,B/Novi Sad 1990/TD (18)}) 13... Bc6 (13... Re8 14.
Rad1 Bf8 15. f4 Bc6 16. f5 Bd5 17. fxe6 Bxe6 18. Kh1 Rc8 $11 {0-1 Marquez,
R-Motwani,P/Novi Sad 1990/TD (62)}) 14. Rad1 Bd5 15. f4 g6 16. Nxd5 exd5 17.
Bd3 Nxd3 18. Rxd3 Ne4 19. f5 Rc8 20. Qg4 Nf6 21. Qh3 Rc2 22. Bc1 Qb6 23. Bg5
Re8 24. Qh4 Re2 25. Bxf6 Rxe5 26. Qxh7+ {1-0 Podgaets,M-Chekhov,V/Kharkov 1985/
MCL (26)}) 13. Qe2 (13. Qf3 Ra7 (13... Rb8 14. Rad1 Bb7 15. Qe2 (15. Qg3 Nbd5
16. Nxd5 Nxd5 17. f4 Bd6 18. f5 f6 19. fxe6 fxe5 20. Rf7 $1 $16 {1-0 Lima,
D-Quinn,M/Yerevan 1996/EXT 97 (33)}) 15... Rc8 16. f4 Nbd5 17. Nxd5 Nxd5 18.
Rd3 g6 19. Rh3 Nb4 20. Nxf7 $1 Kxf7 21. f5 $40 {1-0 Glyanets,A-Kadimova,I/
Moscow 1991/TD (40)}) (13... Qc7 14. Rac1 Bb7 15. Qg3 Qd6 16. Rcd1 Nbd5 17.
Rfe1 Rac8 18. Ne4 Nxe4 19. Rxe4 Nf6 $11 {0-1 Piscopo,P-Nironi,A/ITA 1998/EXT
2000 (45)}) 14. Rad1 Bb7 15. Qh3 (15. Qg3 Nfd5 16. Nxd5 (16. Ne2 Bd6 17. Qh3
Nc7 18. Nf4 Bd5 19. Nxd5 Ncxd5 $11 {1/2-1/2 Collas,S-Gheorghe,C/Chisinau MDA
2005/(38)}) 16... Nxd5 17. f4 b5 18. Bd3 bxa4 19. bxa4 f5 20. Bc4 Bf6 21. Qb3
Ba8 22. Ba3 Re8 23. Qd3 $36 {0-1 Huang Qian-Xu Yuanyuan/HeiBei 2001/EXT 2002 
(42)}) 15... Nfd5 16. Nxd5 Bxd5 17. Bxd5 Qxd5 18. Rc1 Rb7 19. Rfe1 b5 $11 {
1-0 Marshall,F-Janowski,D/Marienbad 1925/HCL (45)}) 13... Bb7 (13... Qc7 14.
Rac1 Qb7 15. Rfe1 Nbd5 16. Nxd5 Nxd5 17. Qf3 Bf6 18. Bd3 Bxe5 19. dxe5 Qe7 20.
Rc4 $16 {1-0 Medic,M-Milivojevic,S/Pula 1989/EXT 97 (39)}) 14. Rac1 (14. Rad1
Nbd5 15. Nxd5 Bxd5 16. Bxa6 Bxb3 17. Ra1 Bd5 $11 {1-0 Marshall,F-Berger,V/
London 1927/HCL (30)}) 14... Nfd5 15. f4 (15. Nxd5 Bxd5 16. f4 Qd6 $11) 15...
Nxc3 16. Bxc3 $6 {White underestimates the counterplay of Black.} ({It was
obligatory for White to exploit in the attack the Rc1.} 16. Rxc3 $1 Nd5 (16...
b5 17. axb5 axb5 18. Bxb5 Qxd4+ 19. Re3 Qa7 20. Kh1 Bf6 (20... Bc5 21. Rh3 Bd4
22. Qh5 h6 23. Rg3 $40) 21. f5 $36) (16... Qxd4+ $6 17. Re3 Qd6 18. Rg3 (18. f5
$44) 18... Bf6 (18... g6 19. f5 $18) 19. Rd1 Nd5 20. Nd7 $1 Qxd7 21. Bxf6 $40)
17. Rh3 g6 18. Qg4 Bf6 $13) 16... b5 $1 17. axb5 (17. Nxf7 Rxf7 18. Bxe6 Bd5
$17) 17... axb5 18. Bxb4 (18. Bxb5 Na2 (18... Ra2 19. Bb2 Qd5 20. Bc4 Qxg2+ 21.
Qxg2 Bxg2 22. Kxg2 Rxb2+ 23. Rf2 $11) 19. Nd7 $1 Nxc1 (19... Re8 20. Rc2 Nxc3
21. Rxc3 Bc8 22. Ne5 Qxd4+ 23. Kh1 Rf8 24. Rh3 $36) 20. Rxc1 Ba3 (20... Re8 21.
Nc5 $44) (20... Rc8 21. Qd2 (21. Nxf8 Rxc3 22. Rxc3 Qxd4+ 23. Qe3 Bc5 24. Qxd4
Bxd4+ 25. Kf1 Bxc3 26. Nd7 $15) 21... Re8 22. Ne5 $11) 21. Rc2 Re8 22. Nc5 Re7
23. Nxb7 Rxb7 24. Bc6 Rxb3 25. Bxa8 Qxa8 $15) 18... Bxb4 19. Bxb5 Qxd4+ 20. Kh1
Qd2 $1 21. Qxd2 Bxd2 22. Rc2 Be3 $15 23. h3 (23. Rc3 Bd4 24. Rc7 Bd5 25. Bc6
$15) 23... Rac8 24. Rxc8 $6 (24. Bc4 Rfd8 25. f5 $132) 24... Rxc8 25. Bc4 Ra8
$1 26. Ng4 (26. b4 Rc8 $17) 26... Bd2 27. f5 h5 28. Ne5 (28. fxe6 $2 hxg4 29.
Rxf7 Bc6 30. e7 Kh7 $19) (28. Nh2 e5 29. Rd1 Ra2 $17) 28... Bc3 29. Nf3 (29.
fxe6 Bxe5 30. e7 Bc6 31. Bxf7+ Kh7 32. Bxh5 (32. Re1 Bg3 33. Bd5 Be8 $19) 32...
Bd6 33. Re1 Be8 $19) 29... exf5 30. Rd1 (30. Ng5 g6 31. Nxf7 Kg7 32. Nd6 Bc6
$17) 30... Bc6 31. Bd5 Bxd5 32. Rxd5 g6 $17 {Black has good chances to realise
the extra pawn. Probably the last part of the game was played in time trouble.}
33. Rd3 Ra1+ 34. Kh2 Ba5 35. Kg3 Bc7+ 36. Kf2 Bf4 37. Nd4 h4 38. b4 Bg3+ 39.
Ke3 Re1+ 40. Ne2 Rf1 $6 (40... Bc7 $17) 41. Nxg3 hxg3 42. b5 (42. Rb3 $2 f4+
43. Ke2 (43. Ke4 f5+ 44. Ke5 f3 $19) 43... Rf2+ 44. Ke1 Rxg2 45. b5 Rh2 46. Kf1
Rxh3 47. Kg1 Rh2 48. b6 f3 $19) 42... f4+ (42... Rb1 43. Kf4 (43. Rd5 Rb3+ 44.
Kf4 Kg7 45. Rc5 $15) 43... Rxb5 44. Kxg3 $15) 43. Ke4 f5+ (43... Kg7 44. Rf3
$11) 44. Ke5 f3 (44... Kf7 45. b6 f3 46. b7 Rb1 47. Rxf3 $11) 45. Kf6 fxg2 46.
Rd8+ Kh7 47. Rd7+ Kh6 48. Rd8 Kh7 49. Rd7+ 1/2-1/2

[Event "EU-chT (Men) 15th"]
[Site "Gothenburg"]
[Date "2005.08.02"]
[Round "4.2"]
[White "Banikas, Hristos"]
[Black "Sulskis, Sarunas"]
[Result "1-0"]
[WhiteElo "2548"]
[BlackElo "2535"]
[Annotator "Huzman,A"]
[PlyCount "81"]
[EventDate "2005.07.30"]
[EventType "team-swiss"]
[EventRounds "9"]
[EventCountry "SWE"]
[SourceTitle "CBM 109"]
[Source "ChessBase"]
[SourceDate "2005.11.14"]
[SourceVersion "1"]
[SourceVersionDate "2005.11.14"]
[SourceQuality "1"]
[WhiteTeam "Greece"]
[BlackTeam "Lithuania"]
[WhiteTeamCountry "GRE"]
[BlackTeamCountry "LTU"]

1. d4 d5 2. c4 dxc4 3. e3 Nf6 4. Bxc4 e6 5. Nf3 c5 6. O-O a6 7. Bb3 cxd4 8.
exd4 Be7 9. Nc3 O-O 10. Re1 Nc6 11. a3 Nd5 12. Qd3 Nxc3 (12... b5 13. Qe4 f5
14. Qc2 Na5 15. Nxd5 exd5 16. Bxd5+ Qxd5 17. Rxe7 Nc6 18. Rc7 Nxd4 19. Nxd4
Qxd4 20. Be3 Qf6 21. Rd1 Rd8 22. Rxd8+ Qxd8 23. Bb6 Bd7 24. Qc5 {1-0 Bunzmann,
D-Turner,M/Lausanne 2000/CBM 76 ext (24)}) 13. bxc3 Bf6 (13... b5 14. Bc2 g6
15. Bh6 Re8 16. a4 b4 17. c4 Bf6 18. Rad1 Ne7 19. Qe4 Rb8 20. Qf4 {1-0 Steimer,
M-Naimsky,L/Issy les Moulineaux 2003/CBM 94 ext (20)}) 14. h4 $1 {[%mdl 544]
This is the favourite and very strong move of grandmaster Y. Razuvaev.} (14.
Bc2 g6 15. Bh6 Re8 16. Bf4 b5 17. Re3 Bb7 18. Rae1 Ne7 $15 {0-1 Ozanne,
M-Compton,A/St Helier 2000/CBM 74 ext (40)}) 14... Bxh4 $2 15. Bc2 g6 (15... f5
16. Bb3 Bf6 17. Bf4 $16) 16. Bh6 Bf6 (16... Re8 17. Nxh4 Qxh4 18. Qd2 $44 {
The weakness of the black squares gives White good compensation for the
sacrificed pawn.} (18. Qe3 $44)) 17. Bxf8 Qxf8 (17... Kxf8 18. a4 $16) 18. a4
$1 {[%csl Rb7][%mdl 4]} (18. Ne5 $5 Bg7 19. Qg3 $16) 18... Bd7 19. Ne5 (19.
Rab1 Rb8 20. Ne5 $16) 19... Be8 $6 {The Be8 will be out of play during the
whole game.} (19... Rd8 20. Nxd7 (20. Qg3 $5 Bg7 21. Be4 $16) 20... Rxd7 21.
Qf3 Bg7 22. Be4 $16) 20. Nc4 Rc8 21. a5 $18 Na7 22. Nb6 Rc7 23. Qf3 Bxd4 $2 24.
cxd4 Rxc2 25. Qxb7 Nb5 26. Qe4 Rd2 27. d5 $18 {White opens files for his rooks
and this desides the game.} Qc5 28. Qf4 $1 Qd4 29. Qxd4 Nxd4 30. Rad1 Ne2+ 31.
Kh2 Rxd1 (31... Ra2 32. d6 $18) 32. Rxd1 Nc3 (32... exd5 33. Nxd5 Bb5 34. Nc7
Bc4 35. Rd6 $18) 33. Re1 Nb5 34. dxe6 fxe6 35. Rxe6 Kf7 36. Re5 Nd6 37. Nd5 Bc6
38. Re7+ Kf8 39. Re6 (39. Rxh7 Bxd5 40. Rd7 $18) 39... Bxd5 40. Rxd6 Bc4 41.
Rd7 1-0

[Event "RUS-chT 12th"]
[Site "Sochi"]
[Date "2005.04.23"]
[Round "5"]
[White "Aleksandrov, Aleksej"]
[Black "Batsanin, Dmitry"]
[Result "1-0"]
[WhiteElo "2635"]
[BlackElo "2467"]
[Annotator "Huzman,A"]
[PlyCount "82"]
[EventDate "2005.04.19"]
[EventType "team-tourn"]
[EventRounds "11"]
[EventCountry "RUS"]
[SourceTitle "EXT 2020"]
[Source "ChessBase"]
[SourceDate "2019.10.17"]
[SourceVersion "1"]
[SourceVersionDate "2019.10.17"]
[SourceQuality "1"]
[WhiteTeam "Sverdlovsk Ural region"]
[BlackTeam "Vladivostok Debiut-DVGU"]
[WhiteTeamCountry "RUS"]
[BlackTeamCountry "RUS"]

1. d4 d5 2. c4 dxc4 3. Nf3 Nf6 4. e3 e6 5. Bxc4 c5 6. O-O a6 7. dxc5 Qxd1 8.
Rxd1 Bxc5 9. Nbd2 b6 10. Be2 Bb7 11. Nc4 Bd5 (11... Nbd7 12. a3 (12. Bd2 $5 O-O
13. Bc3 Rfd8 14. Bd4 $1 b5 $8 15. Na5 Bd5 16. a3 $5 Kf8 $1 17. Rdc1 $6 (17.
Rac1 Rac8 $11) 17... Rac8 18. Kf1 Ne4 $1 $15 {Malaniuk,V-Volzhin,A/Koszalin 74/
410 1998/(20)}) (12. Nd4 $5 O-O 13. Nb3 Be7 14. f3 a5 15. e4 a4 16. Nd4 Bc5 17.
Be3 Rfd8 18. Kf2 Kf8 19. Nb5 $14 {1-0 Bareev,E-Shirov,A/New Delhi/Theran 2000/
CBM 80/[Ftacnik] (41)}) (12. b3 Ke7 13. Bb2 Rhd8 14. Ne1 $1 b5 15. Na5 Be4 16.
Bf3 Bxf3 17. gxf3 Rdc8 18. Nd3 Rab8 19. Nxc5 Rxc5 20. Rac1 Ke8 21. Bd4 Rxc1 22.
Rxc1 $16 {Kramnik,V-Karpov,A/Frankfurt (rapid) 76/(370) 1999 (22)}) 12... a5
13. Bd2 O-O 14. Be1 Rfd8 15. Nd4 Nd5 16. Nb5 Ba6 17. a4 Rac8 18. Bf3 N7f6 19.
e4 Bxb5 20. axb5 Nc7 21. e5 Nfd5 22. Be2 Rb8 23. Rac1 Nxb5 24. Nxa5 Nd4 $17 {
0-1 Vioreanu,B-Ganguly,S/Goa IND 2002/(78)}) 12. Nfd2 (12. b3 Nbd7 13. Bb2 O-O
14. Rac1 Rfc8 15. Bd4 b5 16. Bxc5 bxc4 {1/2-1/2 Liang Chong-Grischuk,A/
Shanghai 2001/CBM 85 (16)}) (12. Bd2 Ne4 13. Be1 Nd7 14. Nd4 O-O 15. f3 Nef6
16. b4 Bxd4 17. Rxd4 e5 18. Rdd1 Rfc8 19. Nd6 Rc2 20. Rd2 Rxd2 21. Bxd2 a5 22.
bxa5 bxa5 23. e4 Be6 24. Bc3 $16 {1-0 Dydyshko,V-Voloshin,L/Frydek-Mistek 1994/
EXT 97 (53)}) 12... Nbd7 13. Nb3 Be7 14. Bd2 O-O-O $6 (14... O-O 15. Rac1 (15.
f3 Rfc8 16. Rac1 e5 17. e4 Be6 18. Be3 Rab8 19. Nd6 Rxc1 20. Bxc1 b5 $11 {
1/2-1/2 Kantsler,B-Lautier,J/Ohrid 2001/CBM 84 (27)}) 15... Rac8 16. f3 b5 17.
Nca5 Nc5 18. Nd4 $1 Rfe8 (18... Rfd8 $5 19. b4 Na4 20. Nac6 Bxc6 21. Rxc6 $1 e5
22. Nf5 Kf8 $11) 19. b3 Bf8 $6 20. e4 Ba8 21. Be3 $14 {1-0 Baburin,
A-Skripchenko,A/Germany 2003/CBM 99/[Huzman] (56)}) (14... Ne4 15. Be1 b5 16.
Nca5 Nec5 17. Nxc5 Nxc5 18. b3 O-O 19. Rac1 Rfc8 20. f3 Bg5 21. Kf2 f5 22. Bc3
Nd7 23. Bb4 Nf6 24. Bd6 Kf7 25. Bf4 Bxf4 26. exf4 Rab8 27. a3 Ke7 28. g3 Nd7
29. Ke3 Nb6 $11 {1/2-1/2 Botvinnik,I-Karpman,V/ISR t-ch 2002 (35)}) 15. f3 Kb7
16. Kf1 Bxc4 (16... Rc8 17. Rac1 Bxc4 18. Bxc4 (18. Rxc4 Rxc4 19. Bxc4 Rc8 20.
Rc1 b5 21. Be2 Bd6 $14 {/=}) 18... Bd6 19. g3 Be5 $132) 17. Bxc4 Nc5 $6 (17...
Bd6 $1 18. g3 (18. f4 Ne4 $11) 18... h5 $132) 18. Nd4 Na4 (18... Rc8 19. Be2
Na4 20. Rab1 Bc5 (20... Rhd8 21. f4 $14 {[%cal Ge2f3]} Nd5 22. Bf3 Bf6 23. Be1)
21. Nb3 Bd6 22. f4 $14) 19. Rab1 Nd5 20. Bb3 Nc5 (20... b5 21. Bxa4 bxa4 22. e4
Nb6 23. Bc3 $14) 21. Bc2 Bf6 22. Ne2 {[%cal Ge3e4]} a5 23. a3 a4 $2 {[%mdl
16384] Black themselves create weakness on a4 and their position becomes lost.}
(23... Ne7 {[%cal Yc5d3]} 24. b4 axb4 25. axb4 Nd3 26. Bc3 Bxc3 27. Nxc3 Ne5
28. Be4+ Kb8 $132) 24. e4 Nc7 25. f4 $1 (25. Be3 $5 N7a6 26. Nc3 Bxc3 27. bxc3
$16) 25... N7a6 $2 (25... e5 26. f5 Nb5 27. Bb4 Nd4 28. Bxc5 Nxc2 (28... bxc5
29. Bxa4 $16) 29. Bf2 $16 {[%cal Ge2c3,Gc3d5]}) (25... Ka6 $5 26. Nc3 (26. e5
Be7 27. Nc3 b5 $14) 26... Bxc3 (26... b5 27. Be3 Be7 28. Ke2 $14) 27. Bxc3 f6
28. Rd4 $1 Nb5 29. Rb4 $14) 26. e5 Be7 27. Nc3 $16 f6 (27... Nb3 28. Be1 $18)
28. exf6 Bxf6 29. Nxa4 Nxa4 30. Bxa4 Nc5 (30... Rd4 31. Bc2 Rhd8 32. Ke2 $18)
31. Bc2 (31. Bb5 $5 e5 32. f5 (32. fxe5 Bxe5 33. g3 h5 $132) 32... e4 33. Ke2
Nb3 34. Be3 $16) 31... e5 (31... Nd3 32. Bxd3 Rxd3 33. Ke2 Rhd8 (33... Rd5 34.
b3 $16) 34. Bc3 $18) 32. g3 $2 (32. f5 e4 33. Be3 $16 Rxd1+ $140 (33... Nd3 34.
Ke2 Rd5 35. Bxd3 exd3+ 36. Rxd3 Rxf5 37. Rd7+ Ka6 38. b4 $16) 34. Rxd1 Bxb2 $2
35. Bxc5 bxc5 36. Rb1 $18) 32... Rhf8 $2 (32... exf4 33. Bxf4 (33. b4 Nd3 34.
Bxf4 (34. Bxd3 Rxd3 35. Bxf4 Rxa3 36. b5 (36. Rd7+ Kc6) 36... Rd8 37. Rxd8 Bxd8
38. Rd1 Kc8 39. Be5 Rb3 $11) 34... Nxf4 35. gxf4 g6 $16) (33. gxf4 Nd3 34. Be3
Nxb2 35. Rxd8 Rxd8 36. Bxh7 Nc4 $44) 33... Rxd1+ 34. Bxd1 Nd3 35. Bf3+ Ka7 36.
Rd1 Nxf4 37. Rd7+ Ka6 38. gxf4 Bxb2 39. Be2+ b5 40. Rd5 $16) 33. b4 Nd3 (33...
Ne6 34. Be4+ Ka7 35. f5 Rd4 36. Bc2 Bg5 37. Bxg5 Nxg5 38. Rxd4 exd4 39. Re1 $18
) 34. Rb3 e4 35. Be3 g5 (35... Rfe8 36. Ke2 $18) 36. Bxd3 exd3 37. Rbxd3 gxf4
38. Rxd8 Bxd8 39. Bxf4 Bg5 40. Rd4 Kc6 41. a4 Bxf4 1-0